[Event "FBL W"]
[Site "?"]
[Date "2019.01.12"]
[Round "6.3"]
[White "Wollscheid, Stefanie"]
[Black "Mundt, Alexandra"]
[Result "0-1"]
[WhiteElo "1769"]
[BlackElo "1704"]
[PlyCount "48"]
[EventDate "2018.10.27"]
[EventType "team-tourn"]
[EventCountry "GER"]
[WhiteTeam "Delmenhorster SK"]
[BlackTeam "Luebeck SV"]
[WhiteTeamCountry "GER"]
[BlackTeamCountry "GER"]

1. e4 e5 2. Nf3 Nf6 3. d3 Nc6 4. Be2 d5 5. exd5 Nxd5 6. O-O Bc5 7. c4 Nf6 8.
Bg5 h6 9. Bh4 Bf5 10. Qb3 Qd7 11. Bg3 Bd4 12. Re1 O-O-O 13. Nc3 Rhe8 14. Rad1
Kb8 15. Nb5 Bb6 16. a3 Ba5 17. Nc3 Nd4 18. Qa2 Nxe2+ 19. Rxe2 Bxc3 20. bxc3 e4
21. Ne5 Qa4 22. Rb1 exd3 23. Reb2 d2 24. Rxb7+ Ka8 0-1

[Event "FBL W"]
[Site "?"]
[Date "2019.01.12"]
[Round "6.4"]
[White "Fett, Sabine"]
[Black "Wenke, Andrea"]
[Result "1/2-1/2"]
[WhiteElo "1716"]
[BlackElo "1766"]
[PlyCount "46"]
[EventDate "2018.10.27"]
[EventType "team-tourn"]
[EventCountry "GER"]
[WhiteTeam "Luebeck SV"]
[BlackTeam "Delmenhorster SK"]
[WhiteTeamCountry "GER"]
[BlackTeamCountry "GER"]

1. e4 e5 2. Bc4 Nf6 3. Nf3 d6 4. d3 Be7 5. O-O O-O 6. h3 Nc6 7. Nc3 Nd4 8. Nxd4
exd4 9. Ne2 c5 10. Nf4 a6 11. Nd5 b5 12. Nxf6+ Bxf6 13. Bd5 Ra7 14. f4 Be6 15.
Bxe6 fxe6 16. Qg4 Qe8 17. Bd2 g6 18. Qg3 Bg7 19. f5 e5 20. fxg6 Qxg6 21. Rxf8+
Bxf8 22. Qxg6+ hxg6 23. Rf1 Rf7 1/2-1/2

[Event "FBL W"]
[Site "?"]
[Date "2019.01.12"]
[Round "6.6"]
[White "Braeutigam, Katerina"]
[Black "Koenig, Emmilie"]
[Result "1-0"]
[WhiteElo "1570"]
[BlackElo "1495"]
[PlyCount "91"]
[EventDate "2018.10.27"]
[EventType "team-tourn"]
[EventCountry "GER"]
[WhiteTeam "Luebeck SV"]
[BlackTeam "Delmenhorster SK"]
[WhiteTeamCountry "GER"]
[BlackTeamCountry "GER"]

1. c4 e5 2. g3 Nf6 3. Bg2 d5 4. b3 dxc4 5. bxc4 c6 6. Nc3 Be6 7. d3 Bb4 8. Bd2
Ng4 9. h3 Nf6 10. Qb3 Qb6 11. Rb1 Bxc3 12. Bxc3 Nbd7 13. Nf3 Qxb3 14. Rxb3 Nc5
15. Rb2 Na4 16. Rb3 Nxc3 17. Rxc3 Nd7 18. Ng5 Nc5 19. Kd2 h6 20. Nxe6 Nxe6 21.
Rb1 Nc5 22. Rxb7 Nxb7 23. Bxc6+ Ke7 24. Bxb7 Rab8 25. Rb3 Rhd8 26. f4 exf4 27.
gxf4 Rd7 28. Be4 Rxb3 29. axb3 Rd6 30. Kc3 a5 31. c5 Ra6 32. d4 a4 33. Bd3 Ra7
34. bxa4 Rxa4 35. e4 Ra3+ 36. Kc4 f6 37. d5 g5 38. fxg5 hxg5 39. Kd4 Ra4+ 40.
Bc4 Ra3 41. d6+ Kd7 42. Kd5 Rxh3 43. c6+ Kd8 44. c7+ Kd7 45. Bb5+ Kc8 46. Ba6+
1-0

[Event "FBL W"]
[Site "?"]
[Date "2019.01.12"]
[Round "6.1"]
[White "Scognamiglio, Stefanie"]
[Black "Michna, Marta"]
[Result "0-1"]
[WhiteElo "2082"]
[BlackElo "2336"]
[PlyCount "58"]
[EventDate "2018.10.27"]
[EventType "team-tourn"]
[EventCountry "GER"]
[WhiteTeam "Hamburger SK II"]
[BlackTeam "Kiel SK Doppelbauer"]
[WhiteTeamCountry "GER"]
[BlackTeamCountry "GER"]

1. e4 e6 2. d4 d5 3. exd5 exd5 4. Bd3 Nc6 5. c3 Bd6 6. Ne2 Qf6 7. Qc2 Nge7 8.
Ng3 h5 9. Nd2 h4 10. Ngf1 Qe6+ 11. Be2 Nf5 12. Nb3 Qg6 13. Bf3 Nfxd4 14. Nxd4
Nxd4 15. Qa4+ Nc6 16. Bxd5 Bd7 17. Qe4+ Qxe4+ 18. Bxe4 O-O-O 19. Ne3 Rde8 20.
Bc2 h3 21. g3 Ne5 22. Bf5 Bxf5 23. Nxf5 Nd3+ 24. Kd2 Nxf2 25. Nxd6+ cxd6 26.
Rf1 Ng4 27. b3 Nxh2 28. Rf4 Rh5 29. Ba3 Rd5+ 0-1

[Event "FBL W"]
[Site "?"]
[Date "2019.01.12"]
[Round "6.2"]
[White "Benzen, Marthe"]
[Black "Rogozenco, Ileana"]
[Result "0-1"]
[WhiteElo "1992"]
[BlackElo "2042"]
[PlyCount "70"]
[EventDate "2018.10.27"]
[EventType "team-tourn"]
[EventCountry "GER"]
[WhiteTeam "Kiel SK Doppelbauer"]
[BlackTeam "Hamburger SK II"]
[WhiteTeamCountry "GER"]
[BlackTeamCountry "GER"]

1. e4 c5 2. Nc3 d6 3. g3 g6 4. Bg2 Bg7 5. f4 e6 6. d3 Nc6 7. Be3 Nf6 8. Nf3 O-O
9. h3 a6 10. O-O b6 11. e5 Nd5 12. Nxd5 exd5 13. d4 Re8 14. c3 Bf5 15. Ng5 Ne7
16. g4 Bc8 17. dxc5 dxc5 18. c4 h6 19. Nxf7 Kxf7 20. cxd5 Ng8 21. e6+ Kf8 22.
Qd3 Bxe6 23. Rad1 Bf7 24. f5 g5 25. b4 cxb4 26. d6 Ra7 27. Bc6 Re5 28. Bd4 Rc5
29. Bxc5 bxc5 30. Qc2 Qb6 31. Qa4 Bd4+ 32. Kh1 Nf6 33. Rfe1 Bxa2 34. d7 Nxd7
35. Bxd7 Bd5+ 0-1

[Event "FBL W"]
[Site "?"]
[Date "2019.01.12"]
[Round "6.3"]
[White "Meyer, Bettina"]
[Black "Gressmann, Hanna"]
[Result "1/2-1/2"]
[WhiteElo "1968"]
[BlackElo "1846"]
[PlyCount "107"]
[EventDate "2018.10.27"]
[EventType "team-tourn"]
[EventCountry "GER"]
[WhiteTeam "Hamburger SK II"]
[BlackTeam "Kiel SK Doppelbauer"]
[WhiteTeamCountry "GER"]
[BlackTeamCountry "GER"]

1. d4 d5 2. c4 e6 3. Nc3 Nf6 4. cxd5 exd5 5. Bg5 Be7 6. e3 c6 7. Bd3 O-O 8.
Nge2 Nbd7 9. Qc2 Re8 10. O-O a5 11. f3 Nf8 12. Bh4 Ng6 13. Bf2 Be6 14. Ng3 Rc8
15. Nf5 Bf8 16. Nh4 Nh5 17. Nxg6 hxg6 18. g4 Nf6 19. h3 Qc7 20. Kg2 c5 21. Qd2
c4 22. Bc2 Qb6 23. Ba4 Red8 24. Rh1 Bd7 25. Bxd7 Rxd7 26. h4 Qc6 27. a4 Nh7 28.
Qc2 Nf6 29. Nb5 Qe6 30. Qe2 Re8 31. Rh3 Qb6 32. Rah1 Qe6 33. Qc2 Rc8 34. Rg3
Rdd8 35. Qc1 Qe7 36. h5 g5 37. Qc2 Re8 38. Qf5 Qb4 39. Qxg5 Qxa4 40. Nc3 Qc6
41. Rgh3 Rcd8 42. h6 Nh7 43. Qh4 g6 44. f4 b5 45. Ne2 Be7 46. Qg3 Qe6 47. Nc3
b4 48. f5 Qc6 49. Ne2 Bd6 50. Qh4 Be7 51. Qg3 Ng5 52. h7+ Kh8 53. Rh6 Ne4 54.
Qh2 1/2-1/2

[Event "FBL W"]
[Site "?"]
[Date "2019.01.12"]
[Round "6.4"]
[White "Hielscher, Ursula"]
[Black "Wulf, Constanze"]
[Result "0-1"]
[WhiteElo "1802"]
[BlackElo "1698"]
[PlyCount "128"]
[EventDate "2018.10.27"]
[EventType "team-tourn"]
[EventCountry "GER"]
[WhiteTeam "Kiel SK Doppelbauer"]
[BlackTeam "Hamburger SK II"]
[WhiteTeamCountry "GER"]
[BlackTeamCountry "GER"]

1. d4 d5 2. c4 e6 3. Nc3 c6 4. Nf3 dxc4 5. a4 Bb4 6. Bd2 a5 7. e4 b5 8. axb5
Bxc3 9. Bxc3 cxb5 10. d5 Nf6 11. Nd4 Nxe4 12. dxe6 Bxe6 13. Nxb5 Nxc3 14. bxc3
O-O 15. Qxd8 Rxd8 16. Nc7 Ra7 17. Nxe6 fxe6 18. Bxc4 Kf7 19. Ke2 h6 20. Rhd1
Rxd1 21. Rxd1 Ke7 22. Rd4 Rc7 23. Kd2 Nd7 24. Re4 Nc5 25. Re5 Kf6 26. f4 Rc6
27. Bb5 Rc7 28. Kc2 Nb7 29. Ba6 Nc5 30. Bc4 Rc6 31. h4 Ke7 32. Bb5 Rc7 33. g4
Kd6 34. Re1 Rf7 35. Rd1+ Kc7 36. Rd4 Kb6 37. Bc4 Re7 38. Kb2 Kc6 39. Be2 Kc7
40. Bf3 Rf7 41. g5 hxg5 42. hxg5 Rf8 43. Be2 Rh8 44. Ka3 Rh3 45. Rc4 Kd6 46.
Bg4 Rg3 47. Bh5 Rg1 48. Be8 Rf1 49. Bb5 Rf2 50. Rd4+ Kc7 51. Ba4 Rf3 52. Kb2
Rf2+ 53. Kc1 Ra2 54. Rc4 Rxa4 55. Rxc5+ Kd6 56. Rb5 Rxf4 57. Rxa5 Rf5 58. Rxf5
exf5 59. g6 Ke5 60. Kd2 Kf6 61. Ke3 Kxg6 62. Kf4 Kf6 63. c4 g5+ 64. Kf3 Ke5 0-1

[Event "FBL W"]
[Site "?"]
[Date "2019.01.12"]
[Round "6.5"]
[White "Hoefner, Nina"]
[Black "Schlueter, Sabrina"]
[Result "0-1"]
[WhiteElo "1609"]
[BlackElo "1787"]
[PlyCount "40"]
[EventDate "2018.10.27"]
[EventType "team-tourn"]
[EventCountry "GER"]
[WhiteTeam "Hamburger SK II"]
[BlackTeam "Kiel SK Doppelbauer"]
[WhiteTeamCountry "GER"]
[BlackTeamCountry "GER"]

1. e4 c6 2. d4 g6 3. Nf3 Bg7 4. Bd3 d5 5. e5 f6 6. O-O Nh6 7. exf6 exf6 8. Re1+
Kf7 9. Bd2 Re8 10. Qc1 Rxe1+ 11. Qxe1 Bg4 12. Be2 Qb6 13. Bxh6 Bxh6 14. Qc3 Nd7
15. b3 Re8 16. Ng5+ Bxg5 17. Bxg4 Qxd4 18. h3 Qxc3 19. Nxc3 f5 20. Bf3 Bf6 0-1

[Event "FBL W"]
[Site "?"]
[Date "2019.01.12"]
[Round "6.6"]
[White "Rommeck, Christiane"]
[Black "Neumann, Ramona"]
[Result "0-1"]
[WhiteElo "1613"]
[BlackElo "1701"]
[PlyCount "96"]
[EventDate "2018.10.27"]
[EventType "team-tourn"]
[EventCountry "GER"]
[WhiteTeam "Kiel SK Doppelbauer"]
[BlackTeam "Hamburger SK II"]
[WhiteTeamCountry "GER"]
[BlackTeamCountry "GER"]

1. e4 e6 2. Nf3 Nf6 3. Nc3 d5 4. exd5 Nxd5 5. Nxd5 exd5 6. d4 Bg4 7. Be2 Bd6 8.
c3 c6 9. Qc2 Nd7 10. Be3 Qc7 11. h3 Bh5 12. Nh4 Bxe2 13. Qxe2 O-O-O 14. O-O g6
15. Nf3 h6 16. c4 dxc4 17. Qxc4 Nb6 18. Qb3 Nd5 19. Rac1 f5 20. Bd2 g5 21. Ne1
g4 22. hxg4 fxg4 23. Nd3 Qg7 24. Qa4 Kb8 25. Ba5 Bc7 26. Bxc7+ Nxc7 27. Ne5 Ne6
28. Rfd1 Rhf8 29. Rc3 Nxd4 30. Rxd4 Qxe5 31. Rxd8+ Rxd8 32. Qxg4 Qe1+ 33. Kh2
Qxf2 34. Rf3 Qxb2 35. Qf4+ Ka8 36. Qd6 Qh8 37. Qc7 a6 38. Rf7 Rb8 39. Rh7 Qf6
40. Kh3 c5 41. Rf7 Qe6+ 42. g4 Qxa2 43. Rh7 Qb1 44. Kg3 Qg1+ 45. Kh3 Qd4 46.
Kh4 c4 47. Rd7 Qf6+ 48. Kh5 Qg5# 0-1

[Event "FBL W"]
[Site "?"]
[Date "2019.01.12"]
[Round "6.2"]
[White "Sokalskaja, Elena"]
[Black "Bork, Sophie"]
[Result "1-0"]
[WhiteElo "2061"]
[BlackElo "1853"]
[PlyCount "67"]
[EventDate "2018.10.27"]
[EventType "team-tourn"]
[EventCountry "GER"]
[WhiteTeam "Muelheim SV Nord"]
[BlackTeam "Paderborn SK Blauer Springer"]
[WhiteTeamCountry "GER"]
[BlackTeamCountry "GER"]

1. d4 d5 2. Nf3 c5 3. g3 e6 4. Bg2 Nc6 5. O-O Nf6 6. c4 Be7 7. Nc3 O-O 8. cxd5
exd5 9. dxc5 Bxc5 10. Na4 Be7 11. b3 Bg4 12. Bb2 Re8 13. Rc1 Rc8 14. h3 Bh5 15.
Nc5 b6 16. Nd3 Bd6 17. e3 Bb8 18. Nf4 Bxf4 19. exf4 Bxf3 20. Qxf3 Qd6 21. Rfd1
Nb4 22. a3 Rxc1 23. Rxc1 Na6 24. b4 Ne4 25. Qd3 Nxb4 26. axb4 Qxb4 27. Qd4 Qxd4
28. Bxd4 Kf8 29. Rc7 Rb8 30. Rxa7 b5 31. Rd7 b4 32. Rxd5 Nf6 33. Bc5+ Ke8 34.
Rd1 1-0

[Event "FBL W"]
[Site "?"]
[Date "2019.01.12"]
[Round "6.3"]
[White "Gatzke, Carolin"]
[Black "Sokalska, Viktorija"]
[Result "0-1"]
[WhiteElo "1878"]
[BlackElo "1988"]
[PlyCount "80"]
[EventDate "2018.10.27"]
[EventType "team-tourn"]
[EventCountry "GER"]
[WhiteTeam "Paderborn SK Blauer Springer"]
[BlackTeam "Muelheim SV Nord"]
[WhiteTeamCountry "GER"]
[BlackTeamCountry "GER"]

1. e4 c6 2. d4 d5 3. exd5 cxd5 4. c4 Nf6 5. Nc3 g6 6. Nf3 Bg7 7. c5 O-O 8. Bd3
Nc6 9. h3 Re8 10. O-O Nh5 11. Bb5 Nf6 12. Re1 Bd7 13. a3 Qc7 14. Bg5 e6 15. b4
a5 16. Rb1 axb4 17. axb4 Ra3 18. Na4 Ne4 19. Bc1 Rxa4 20. Bxa4 Nc3 21. Qd3 Nxb1
22. b5 Nxd4 23. b6 Nxf3+ 24. gxf3 Qc8 25. Bxd7 Qxd7 26. Qxb1 Qc6 27. Qb4 Ra8
28. Be3 d4 29. Bf4 Qxf3 30. Bg3 Qd5 31. Qd2 e5 32. c6 Qxc6 33. Bxe5 Bxe5 34.
Rxe5 Ra1+ 35. Kh2 Rh1+ 36. Kg3 Rg1+ 37. Kf4 Qd6 38. Ke4 f5+ 39. Kf4 g5+ 40.
Kxf5 Qg6# 0-1

[Event "FBL W"]
[Site "?"]
[Date "2019.01.12"]
[Round "6.4"]
[White "Kinzel, Tiffany"]
[Black "Moeller, Lisa Marie"]
[Result "0-1"]
[WhiteElo "1792"]
[BlackElo "1888"]
[PlyCount "102"]
[EventDate "2018.10.27"]
[EventType "team-tourn"]
[EventCountry "GER"]
[WhiteTeam "Muelheim SV Nord"]
[BlackTeam "Paderborn SK Blauer Springer"]
[WhiteTeamCountry "GER"]
[BlackTeamCountry "GER"]

1. d4 c5 2. e3 Nf6 3. c3 Qc7 4. Bd3 g6 5. f4 Bg7 6. Nf3 O-O 7. O-O d6 8. e4 d5
9. e5 Nfd7 10. f5 c4 11. Bc2 Nc6 12. Ng5 Nb6 13. e6 Nd8 14. Qe1 h6 15. exf7+
Nxf7 16. Ne6 Bxe6 17. Qxe6 Qd6 18. Qxg6 Qxg6 19. fxg6 Nd6 20. Bf4 Rf6 21. Nd2
Raf8 22. g3 Nf5 23. Be5 Ne3 24. Bxf6 Nxf1 25. Rxf1 Rxf6 26. Re1 e6 27. h4 Kf8
28. h5 Ke7 29. Kg2 Rf8 30. Nf3 Nd7 31. Ne5 Nxe5 32. dxe5 Ke8 33. g4 Ke7 34. Kg3
b6 35. Kh4 Rf2 36. Bb1 Rxb2 37. Kg3 b5 38. Kf4 a5 39. Rf1 Re2 40. Kf3 Rxe5 41.
a3 d4 42. cxd4 Rd5 43. Bc2 Bxd4 44. Ke2 Bf6 45. Rf4 Rc5 46. Rf3 b4 47. axb4
axb4 48. Re3 b3 49. Bf5 Rc6 50. Kf3 c3 51. Re1 c2 0-1

[Event "FBL W"]
[Site "?"]
[Date "2019.01.12"]
[Round "6.5"]
[White "Schrader, Elanor"]
[Black "Hausrath, Michaela"]
[Result "1-0"]
[WhiteElo "1812"]
[BlackElo "1751"]
[PlyCount "71"]
[EventDate "2018.10.27"]
[EventType "team-tourn"]
[EventCountry "GER"]
[WhiteTeam "Paderborn SK Blauer Springer"]
[BlackTeam "Muelheim SV Nord"]
[WhiteTeamCountry "GER"]
[BlackTeamCountry "GER"]

1. e4 c5 2. Nf3 Nc6 3. d4 cxd4 4. Nxd4 Nf6 5. Nc3 e5 6. Ndb5 d6 7. Bg5 a6 8.
Na3 b5 9. Bxf6 Qxf6 10. Nd5 Qd8 11. c3 Be7 12. Be2 O-O 13. O-O f5 14. Bf3 f4
15. Nc2 Be6 16. a4 bxa4 17. Rxa4 Kh8 18. Qd3 a5 19. Rd1 Rb8 20. b4 axb4 21.
Ncxb4 Nxb4 22. Rxb4 Bxd5 23. Qxd5 Qc7 24. Rc4 Qb7 25. h3 Qxd5 26. exd5 Rfc8 27.
Rc6 Bf8 28. Bg4 Rd8 29. Ra1 Ra8 30. Rxa8 Rxa8 31. Kf1 g6 32. Rc7 Re8 33. Rf7
Kg8 34. Be6 Kh8 35. Ke2 Be7 36. Bd7 1-0

[Event "FBL W"]
[Site "?"]
[Date "2019.01.13"]
[Round "7.1"]
[White "Leveikina, Jevgenija"]
[Black "Kuckling, Hannah"]
[Result "1/2-1/2"]
[WhiteElo "2120"]
[BlackElo "2122"]
[PlyCount "118"]
[EventDate "2018.10.27"]
[EventType "team-tourn"]
[EventCountry "GER"]
[WhiteTeam "Bochum SV Wattenscheid"]
[BlackTeam "Paderborn SK Blauer Springer"]
[WhiteTeamCountry "GER"]
[BlackTeamCountry "GER"]

1. e4 c5 2. c3 Nf6 3. e5 Nd5 4. d4 cxd4 5. Qxd4 Nb6 6. Nf3 Nc6 7. Qe4 d5 8.
exd6 Qxd6 9. Bb5 Qd5 10. Qxd5 Nxd5 11. Ne5 Bd7 12. Nxd7 Kxd7 13. O-O Rd8 14.
Nd2 e5 15. Nc4 f6 16. Ne3 Nxe3 17. Bxe3 Kc7 18. Rfd1 Be7 19. Kf1 f5 20. f3 a6
21. Bc4 b5 22. Be6 g6 23. Ke2 Bf6 24. Rxd8 Rxd8 25. a4 bxa4 26. Rxa4 a5 27. Ra3
Kd6 28. Bc4 Rb8 29. Rb3 Rxb3 30. Bxb3 Bd8 31. Bg8 f4 32. Bf2 h6 33. Bc4 Bc7 34.
Bd3 g5 35. Be4 Ne7 36. Kd3 h5 37. Kc4 g4 38. Bc5+ Ke6 39. Bf2 Kd6 40. Bc5+ Ke6
41. b4 axb4 42. cxb4 gxf3 43. Bxf3 h4 44. Bf2 Nf5 45. Bg4 Bd8 46. Kd3 Kf6 47.
b5 Kg5 48. Bf3 Nd6 49. b6 Kf5 50. b7 Bc7 51. Bc6 e4+ 52. Ke2 f3+ 53. gxf3 exf3+
54. Kxf3 Nxb7 55. Bxb7 Bxh2 56. Bxh4 Be5 57. Bc8+ Kg6 58. Kg4 Kg7 59. Kf5 Ba1
1/2-1/2

[Event "FBL W"]
[Site "?"]
[Date "2019.01.13"]
[Round "7.2"]
[White "Bork, Sophie"]
[Black "Plass, Mariana Camelia"]
[Result "0-1"]
[WhiteElo "1853"]
[BlackElo "2023"]
[PlyCount "104"]
[EventDate "2018.10.27"]
[EventType "team-tourn"]
[EventCountry "GER"]
[WhiteTeam "Paderborn SK Blauer Springer"]
[BlackTeam "Bochum SV Wattenscheid"]
[WhiteTeamCountry "GER"]
[BlackTeamCountry "GER"]

1. e4 c5 2. c3 Nf6 3. e5 Nd5 4. Nf3 e6 5. d4 cxd4 6. cxd4 d6 7. Bc4 dxe5 8.
dxe5 Bb4+ 9. Bd2 Nc6 10. O-O Bxd2 11. Nbxd2 O-O 12. a3 Nf4 13. Qc2 Bd7 14. Qe4
Ng6 15. Rad1 Qc7 16. Rfe1 Nce7 17. Ba2 Bc6 18. Qg4 Rfd8 19. Bb1 Rac8 20. Ng5 h6
21. Nxe6 Qd7 22. Ba2 Bd5 23. Bxd5 Nxd5 24. Qe4 Qxe6 25. Nf3 Nge7 26. Nd4 Qg6
27. Qf3 Nc6 28. Nf5 Qe6 29. Qg4 g5 30. h4 Nde7 31. Nxe7+ Nxe7 32. Qg3 Nf5 33.
Qf3 Nxh4 34. Qxb7 Qg4 35. Rxd8+ Rxd8 36. Rc1 Rd1+ 37. Rxd1 Qxd1+ 38. Kh2 Qd4
39. e6 fxe6 40. Qc8+ Kf7 41. Qc2 Qe5+ 42. Kg1 Ng6 43. Qd2 Qd5 44. Qc2 Nf4 45.
Qh7+ Ke8 46. Qg8+ Ke7 47. Qg7+ Kd8 48. Qf8+ Kd7 49. Qf7+ Kc6 50. Qe8+ Kb7 51.
Qe7+ Ka6 52. f3 Qd2 0-1

[Event "FBL W"]
[Site "?"]
[Date "2019.01.13"]
[Round "7.3"]
[White "Schmidt, Andrea"]
[Black "Gatzke, Carolin"]
[Result "1/2-1/2"]
[WhiteElo "2010"]
[BlackElo "1878"]
[PlyCount "55"]
[EventDate "2018.10.27"]
[EventType "team-tourn"]
[EventCountry "GER"]
[WhiteTeam "Bochum SV Wattenscheid"]
[BlackTeam "Paderborn SK Blauer Springer"]
[WhiteTeamCountry "GER"]
[BlackTeamCountry "GER"]

1. e4 d5 2. exd5 Qxd5 3. d4 c6 4. Nf3 Bg4 5. Be2 e6 6. O-O Nf6 7. c4 Qd8 8. Be3
Bd6 9. Nc3 Qc7 10. h3 Bh5 11. Rc1 O-O 12. Ne1 Bg6 13. Bd3 Rd8 14. Bxg6 hxg6 15.
Qe2 Nbd7 16. Nd3 Rac8 17. a3 Qb8 18. b4 e5 19. Rfd1 exd4 20. Bxd4 c5 21. Bxf6
Nxf6 22. b5 Bc7 23. Qf3 Rd4 24. Ne2 Re4 25. g3 Rce8 26. Rc2 b6 27. Ndf4 Qc8 28.
Kg2 1/2-1/2

[Event "FBL W"]
[Site "?"]
[Date "2019.01.13"]
[Round "7.4"]
[White "Browning, Rebecca"]
[Black "Hiebsch, Catalina"]
[Result "1-0"]
[WhiteElo "1860"]
[BlackElo "1774"]
[PlyCount "133"]
[EventDate "2018.10.27"]
[EventType "team-tourn"]
[EventCountry "GER"]
[WhiteTeam "Paderborn SK Blauer Springer"]
[BlackTeam "Bochum SV Wattenscheid"]
[WhiteTeamCountry "GER"]
[BlackTeamCountry "GER"]

1. e4 e5 2. Nf3 Nc6 3. d4 exd4 4. Nxd4 d6 5. Nxc6 bxc6 6. Nc3 Be7 7. Bd3 Nf6 8.
O-O Bg4 9. f3 Be6 10. Kh1 Rb8 11. b3 O-O 12. Bb2 Nd7 13. Ne2 Nc5 14. Nd4 Qd7
15. Nxe6 fxe6 16. Be2 Bf6 17. Bd4 Bxd4 18. Qxd4 e5 19. Bc4+ Kh8 20. Qe3 a5 21.
Rad1 Qe7 22. a3 Ne6 23. Bxe6 Qxe6 24. Qa7 Qd7 25. Qxa5 Ra8 26. Qxe5 Rxa3 27.
Qc3 Qe8 28. Ra1 Rxa1 29. Rxa1 c5 30. h3 h6 31. Ra7 Rf7 32. Qc4 Qe7 33. Ra8+ Kh7
34. Qb5 Qg5 35. Ra1 Qe5 36. Rd1 g5 37. Qd3 Kg7 38. Qe2 Qf4 39. Re1 Qe5 40. Qd3
Re7 41. Rb1 Kf6 42. c3 Ke6 43. Qc4+ Kf6 44. b4 cxb4 45. cxb4 Rd7 46. Rd1 Kg6
47. Qg8+ Rg7 48. Qc8 Rf7 49. Rc1 Qe7 50. b5 Kf6 51. Qf5+ Kg7 52. Qd5 Qf6 53.
Qb7 Qe7 54. Qc6 Qe6 55. Rd1 Rd7 56. Rd5 Kf7 57. e5 Ke7 58. exd6+ cxd6 59. Rd1
Kd8 60. b6 Qe2 61. Rb1 Qd3 62. Qa8+ Ke7 63. Re1+ Kf6 64. Qh8+ Kf5 65. Qf8+ Kg6
66. Qe8+ Rf7 67. b7 1-0

[Event "FBL W"]
[Site "?"]
[Date "2019.01.13"]
[Round "7.5"]
[White "Otterpohl, Isabel"]
[Black "Moeller, Lisa Marie"]
[Result "1/2-1/2"]
[WhiteElo "1630"]
[BlackElo "1888"]
[PlyCount "55"]
[EventDate "2018.10.27"]
[EventType "team-tourn"]
[EventCountry "GER"]
[WhiteTeam "Bochum SV Wattenscheid"]
[BlackTeam "Paderborn SK Blauer Springer"]
[WhiteTeamCountry "GER"]
[BlackTeamCountry "GER"]

1. e4 c5 2. c3 d5 3. exd5 Qxd5 4. d4 Nf6 5. Nf3 Bg4 6. Be2 e6 7. Be3 cxd4 8.
cxd4 Nc6 9. O-O Be7 10. Nc3 Qd7 11. Qd2 Bxf3 12. Bxf3 Nb4 13. Rfe1 Nbd5 14. Bg5
h6 15. Nxd5 Nxd5 16. Bxe7 Nxe7 17. d5 O-O 18. Rad1 exd5 19. Bxd5 Nxd5 20. Qxd5
Qxd5 21. Rxd5 Rfd8 22. Rde5 Rd2 23. R5e2 Rad8 24. Kf1 Kf8 25. Rc1 Rd1+ 26. Re1
Rxe1+ 27. Kxe1 Rd7 28. Rc8+ 1/2-1/2

[Event "FBL W"]
[Site "?"]
[Date "2019.01.13"]
[Round "7.1"]
[White "Michna, Marta"]
[Black "Kickert, Germaine Helene"]
[Result "1-0"]
[WhiteElo "2336"]
[BlackElo "1968"]
[PlyCount "79"]
[EventDate "2018.10.27"]
[EventType "team-tourn"]
[EventCountry "GER"]
[WhiteTeam "Kiel SK Doppelbauer"]
[BlackTeam "Delmenhorster SK"]
[WhiteTeamCountry "GER"]
[BlackTeamCountry "GER"]

1. b3 e5 2. Bb2 Nc6 3. e3 Nf6 4. a3 a5 5. d3 d5 6. Nd2 Bd6 7. g3 O-O 8. Bg2 Ne7
9. c4 c6 10. Qc2 b6 11. Ne2 Nd7 12. O-O f5 13. Rad1 Nf6 14. Nf3 e4 15. Nfd4 Bd7
16. Nc3 Rc8 17. Nde2 Qc7 18. Rd2 Rfd8 19. Rfd1 Be8 20. Nd4 Kf7 21. cxd5 cxd5
22. Qb1 Qb8 23. dxe4 dxe4 24. Bf1 Be5 25. Ba6 Rc7 26. Bc4+ Kg6 27. Nxf5 Rxd2
28. Nxe7+ Rxe7 29. Rxd2 Bc6 30. Nd5 Rd7 31. Bxe5 Qxe5 32. Nf4+ Kh6 33. Rxd7
Nxd7 34. Qf1 g5 35. Qh3+ Kg7 36. Ne6+ Kg6 37. Nd4 Qd6 38. Qf5+ Kh6 39. Qf7 Qg6
40. Qxg6+ 1-0

[Event "FBL W"]
[Site "?"]
[Date "2019.01.13"]
[Round "7.2"]
[White "Moenster, Madita"]
[Black "Benzen, Marthe"]
[Result "1-0"]
[WhiteElo "1895"]
[BlackElo "1992"]
[PlyCount "55"]
[EventDate "2018.10.27"]
[EventType "team-tourn"]
[EventCountry "GER"]
[WhiteTeam "Delmenhorster SK"]
[BlackTeam "Kiel SK Doppelbauer"]
[WhiteTeamCountry "GER"]
[BlackTeamCountry "GER"]

1. e4 e5 2. Nf3 Nc6 3. Bb5 a6 4. Ba4 Nf6 5. O-O b5 6. Bb3 Be7 7. Re1 d6 8. c3
O-O 9. h3 Na5 10. Bc2 c5 11. d4 Qc7 12. Nbd2 Bb7 13. Nf1 Rac8 14. Bd3 cxd4 15.
cxd4 Nc6 16. d5 Nb4 17. Ne3 Nxd3 18. Qxd3 Nd7 19. Nf5 Nc5 20. Qe3 Bf6 21. Bd2
Kh8 22. Rac1 Qd7 23. Bb4 Bxd5 24. Nxd6 Qxd6 25. Bxc5 Rxc5 26. Qxc5 Qxc5 27.
Rxc5 Bxa2 28. Ra1 1-0

[Event "FBL W"]
[Site "?"]
[Date "2019.01.13"]
[Round "7.3"]
[White "Gressmann, Hanna"]
[Black "Wollscheid, Stefanie"]
[Result "1-0"]
[WhiteElo "1846"]
[BlackElo "1769"]
[PlyCount "51"]
[EventDate "2018.10.27"]
[EventType "team-tourn"]
[EventCountry "GER"]
[WhiteTeam "Kiel SK Doppelbauer"]
[BlackTeam "Delmenhorster SK"]
[WhiteTeamCountry "GER"]
[BlackTeamCountry "GER"]

1. e4 c5 2. Nc3 d6 3. g3 Nc6 4. Bg2 Nf6 5. d3 g6 6. f4 Bg7 7. Nf3 Qb6 8. Rb1
Ng4 9. Nd5 Qd8 10. h3 Nf6 11. Nxf6+ Bxf6 12. O-O Be6 13. Ra1 Qd7 14. g4 Qc7 15.
c3 Qb6 16. Qe2 h5 17. g5 Bg7 18. Be3 Qd8 19. Nh4 Qa5 20. f5 gxf5 21. exf5 Bd7
22. f6 Bf8 23. g6 exf6 24. Bg5+ Be6 25. Bxf6 Rg8 26. gxf7+ 1-0

[Event "FBL W"]
[Site "?"]
[Date "2019.01.13"]
[Round "7.4"]
[White "Wenke, Andrea"]
[Black "Hielscher, Ursula"]
[Result "0-1"]
[WhiteElo "1766"]
[BlackElo "1802"]
[PlyCount "88"]
[EventDate "2018.10.27"]
[EventType "team-tourn"]
[EventCountry "GER"]
[WhiteTeam "Delmenhorster SK"]
[BlackTeam "Kiel SK Doppelbauer"]
[WhiteTeamCountry "GER"]
[BlackTeamCountry "GER"]

1. e4 e6 2. d4 d5 3. exd5 exd5 4. Nf3 Bf5 5. Bd3 Bxd3 6. Qxd3 Nf6 7. O-O Nbd7
8. Nc3 Be7 9. Bf4 c6 10. Rfe1 O-O 11. Ne2 Re8 12. c3 Nf8 13. Ng3 Ne6 14. Bd2
Bd6 15. Nf5 Bc7 16. Ne5 Ne4 17. Rxe4 dxe4 18. Qg3 Bxe5 19. Qxe5 Qd5 20. Nd6
Qxe5 21. dxe5 Red8 22. Nxe4 Rd5 23. f4 Rad8 24. Be3 b6 25. Nd6 f6 26. Nf5 Kf8
27. Nd4 Nxd4 28. cxd4 fxe5 29. dxe5 Rd1+ 30. Rxd1 Rxd1+ 31. Kf2 Rb1 32. Bd4 c5
33. Bc3 Ke7 34. f5 Rd1 35. h4 a5 36. e6 g6 37. f6+ Kxe6 38. g4 b5 39. g5 b4 40.
Be1 Rb1 41. b3 Rb2+ 42. Kf3 Rxa2 43. Bf2 a4 44. bxa4 b3 0-1